A Handbook of international relations : a guide to terms, theory and practice/ by Jack E. Vincent Ph. D. (Record no. 136149)
[ view plain ]
| 000 -CABECERA | |
|---|---|
| campo de control de longitud fija | 00721nam a2200205 a 4500 |
| 005 - FECHA Y HORA DE LA ÚLTIMA TRANSACCIÓN | |
| campo de control | 20210219160351.0 |
| 008 - ELEMENTOS DE LONGITUD FIJA--INFORMACIÓN GENERAL | |
| campo de control de longitud fija | 081022s2000 mx r 000 0 spa d |
| 035 ## - NÚMERO DE CONTROL DEL SISTEMA | |
| Número de control de sistema | UPN01000164036 |
| 049 ## - COLECCIÓN | |
| Colección | UNE |
| 080 ## - NÚMERO DE CLASIFICACIÓN DECIMAL UNIVERSAL | |
| Número de la Clasificación Decimal Universal | OC 327 (083.85) =20 "1969" VIN. |
| 100 1# - ASIENTO PRINCIPAL--NOMBRE PERSONAL | |
| Nombre de persona | Vincent Ph. D., Jack E. |
| 245 10 - MENCIÓN DE TÍTULO | |
| Título | A Handbook of international relations : a guide to terms, theory and practice/ by Jack E. Vincent Ph. D. |
| 260 ## - PUBLICACIÓN, DISTRIBUCIÓN, ETC. | |
| Lugar de publicación, distribución, etc. | New York : Barron's Educational Series, Inc., 1969. |
| 300 ## - DESCRIPCIÓN FÍSICA | |
| Extensión | vii, 456 p. |
| 500 ## - NOTA GENERAL | |
| Nota general | Incluye bibliografía |
| 690 ## - PUNTO DE ACCESO ADICIONAL DE MATERIA LOCAL--TÉRMINO DE MATERIA (OCLC, RLIN) | |
| Término de materia o nombre geográfico como elemento inicial | Guias- Relaciones internacionales |
| 690 ## - PUNTO DE ACCESO ADICIONAL DE MATERIA LOCAL--TÉRMINO DE MATERIA (OCLC, RLIN) | |
| Término de materia o nombre geográfico como elemento inicial | Relaciones internacionales- Guias |
| 690 ## - PUNTO DE ACCESO ADICIONAL DE MATERIA LOCAL--TÉRMINO DE MATERIA (OCLC, RLIN) | |
| Término de materia o nombre geográfico como elemento inicial | Terminos especificos- Relaciones internacionales |
| 905 ## - TIPO DE MATERIAL | |
| Tipo de material | UNESCO |
No items available.
